Porovnanie veľkostí príjmových pásiem ako nástroj porovnania odmeňovania mužov a žien

Napriek pokračujúcej emancipácii existujú významné rozdiely v postavení mužov a žien. Doterajšie štatistiky jednoznačne dokazujú, že ženy často za rovnakú a kvalitne odvedenú prácu dostávajú nižšiu mzdu ako ich mužskí kolegovia. Analýza príjmových pásiem a porovnanie podielov mužov a žien, ktoré sú...

Full description

Saved in:
Bibliographic Details
Main Author: Kotlebová, Eva
Format: Book Chapter
Language:Slovak
Subjects:
Tags: Add Tag
No Tags, Be the first to tag this record!

MARC

LEADER 00000naa$a2200000$$$4500
001 0125331
005 20240502072429.7
041 0 |a slo 
044 |a SK 
245 1 0 |a Porovnanie veľkostí príjmových pásiem ako nástroj porovnania odmeňovania mužov a žien  |c Eva Kotlebová 
520 |a Napriek pokračujúcej emancipácii existujú významné rozdiely v postavení mužov a žien. Doterajšie štatistiky jednoznačne dokazujú, že ženy často za rovnakú a kvalitne odvedenú prácu dostávajú nižšiu mzdu ako ich mužskí kolegovia. Analýza príjmových pásiem a porovnanie podielov mužov a žien, ktoré sú v nich zastúpené. Názorný pohľad na rozdelenie pracovných príjmov mužov a žien. 
610 2 0 |a mzdy 
610 2 0 |a muži 
610 2 0 |a ženy 
610 2 0 |a analýzy 
610 2 0 |a kvalifikácia 
610 2 0 |a odmeňovanie 
100 1 |a Kotlebová, Eva